Xây dựng bộ sưu tập hình thái và cấu trúc lá của thực vật thích nghi khô hạn ở Đồng bằng sông Cửu Long : Báo cáo tổng kết đề tài khoa học và công nghệ cấp Trường

Nội dung đề tài phát hiện các kiểu cấu trúc lá liên quan đến sự thích nghi của thực vật vùng khô hạn, đảm bảo cho sự chịu hạn trong điều kiện biến đổi khí hậu. Xây dựng bộ tiêu chí dự đoán về sự thích nghi của lá trong điều kiện khô...

Πλήρης περιγραφή

Αποθηκεύτηκε σε:
Λεπτομέρειες βιβλιογραφικής εγγραφής
Κύριος συγγραφέας: Ngô, Thanh Phong
Μορφή: Βιβλίο
Γλώσσα:Undetermined
Έκδοση: Cần Thơ Trường Đại học Cần Thơ 2013
Θέματα:
Ετικέτες: Προσθήκη ετικέτας
Δεν υπάρχουν, Καταχωρήστε ετικέτα πρώτοι!
Thư viện lưu trữ: Trung tâm Học liệu Trường Đại học Cần Thơ
LEADER 01356nam a2200241Ia 4500
001 CTU_203439
008 210402s9999 xx 000 0 und d
082 |a 581.48 
082 |b Ph431 
088 |a T2012-05 
100 |a Ngô, Thanh Phong 
245 0 |a Xây dựng bộ sưu tập hình thái và cấu trúc lá của thực vật thích nghi khô hạn ở Đồng bằng sông Cửu Long : 
245 0 |b Báo cáo tổng kết đề tài khoa học và công nghệ cấp Trường 
245 0 |c Ngô Thanh Phong (chủ nhiệm đề tài) ; Phạm Khánh Nguyên Huân, Võ Thị Tú Anh (tham gia thực hiện) 
260 |a Cần Thơ 
260 |b Trường Đại học Cần Thơ 
260 |c 2013 
520 |a Nội dung đề tài phát hiện các kiểu cấu trúc lá liên quan đến sự thích nghi của thực vật vùng khô hạn, đảm bảo cho sự chịu hạn trong điều kiện biến đổi khí hậu. Xây dựng bộ tiêu chí dự đoán về sự thích nghi của lá trong điều kiện khô hạn. 
650 |a Botany,Thực vật học 
650 |x Leaf,Lá 
904 |i Qhieu 
915 |a TN 
980 |a Trung tâm Học liệu Trường Đại học Cần Thơ